[Event "Romanian Open 2019"]
[Site "Alba Iulia"]
[Date "2019.11.02"]
[Round "8.11"]
[White "Nastore, Pavel-Alexandru"]
[Black "Vedmediuc, Serghei"]
[Result "0-1"]
[WhiteElo "2030"]
[BlackElo "2457"]
[Annotator "TA"]
[PlyCount "106"]
[EventDate "2019.10.28"]
[EventType "swiss"]
[EventCountry "ROU"]
[SourceTitle "playchess.com"]
[Source "ChessBase"]
[SourceQuality "1"]

{[%evp 16,156,49,43,44,32,34,38,35,31,30,0,5,0,0,0,36,0,0,0,86,0,26,-18,43,38,32,19,42,31,53,46,95,107,91,-3,72,-7,44,-1,-4,-19,-12,-32,0,0,0,-14,0,0,0,-5,58,0,0,0,10,-6,5,0,0,0,13,0,0,0,0,-14,0,0,0,0,0,0,0,-12,0,0,0,-13,-13,-126,-122,-120,-112,-119,-120,-121,-105,-216,-177,-193,-143,-143,-143,-142,-143,-147,-145,-64,-47,-325,-75,-322,-329,-322,-227,-583,-572,-504,-485,-664,-645,-953,-1009,-1104,-1094,-1012,-971,-1044,-1034,-1109,-936,-787,-907,-834,-721,-1590,-678,-5257,-4537,-7626,-7610,-29981,-29982,-29982,-29983,-29983,-29983,-29986,-29987,-29986,-29987]} 1. e4 c5 2. Nf3 Nc6 3. d4 cxd4 4. Nxd4 Qb6 5. Nb3 Nf6 6. Nc3 e6 7. Be3 Qc7 8. a3 Be7 9. f4 O-O {B33: Sicilian: Pelikan and Sveshnikov Variations} 10. Qf3 (10. e5 Nd5 11. Nxd5 exd5 12. Bd3 d6 13. exd6 Qxd6 14. Qf3 d4 15. Bf2 Be6 16. Nd2 Bd5 17. Be4 Bxe4 18. Nxe4 {1-0 (71) Abdulov,O (2371)-Landa,K (2642) Nakhchivan 2013}) 10... d5 11. e5 Nd7 {White is slightly better.} 12. Bd3 b6 $146 ({Predecessor:} 12... a6 13. O-O b6 14. Qh3 f5 15. exf6 Nxf6 16. Rae1 b5 17. Kh1 {1-0 (33) Macs,O (2130)-Plume,G (1924) ICCF email 2007}) 13. O-O Nc5 14. Nb5 Qd7 15. N5d4 Bb7 16. Nxc6 (16. Bb5 {with more complications.} g6 17. Qh3 Rac8 18. Rad1 Qc7 19. c3) 16... Bxc6 17. Nd4 $40 {[%mdl 128] White has some attack.} g6 (17... f6 $11) 18. Rac1 ({Much weaker is} 18. Nxc6 $6 Qxc6 19. Qe2 Nxd3 $11) (18. f5 $1 $16 {[%cal Rf5f6]} Nxd3 19. cxd3 exf5 20. Qg3) 18... Rac8 19. Kh1 Bb7 (19... Nxd3 $11 20. cxd3 Bb7) 20. Bb5 $14 Qc7 21. Qg4 a6 22. Be2 a5 23. Bb5 Ba6 24. Bxa6 Nxa6 25. Rfd1 (25. f5 $1 $16 {[%cal Rf5g6] Hoping for fxg6.} Qxe5 26. Bh6) 25... a4 (25... Nc5 $11 {keeps the balance.}) 26. Qf3 (26. c4 $1 $16 {[%cal Rc4d5] Black must now prevent cxd5.} Bc5 27. cxd5 exd5 28. Nf5) 26... Rfd8 ({Better is} 26... Qd7 $11) 27. Qf2 Nc5 28. Qe2 Ne4 29. Qa6 Nc5 30. Qe2 Qb7 31. Qb5 Rd7 32. Kg1 Rdc7 33. c3 Qa6 (33... Ra8 $11) 34. Qxa6 ({White should play} 34. c4 $14 dxc4 35. Rxc4) 34... Nxa6 $11 35. Kf2 Nc5 36. Ke2 Ne4 37. Nb5 Rc4 38. Rd4 Nc5 {Threatening ...Nb3.} 39. Rcd1 Nb3 40. Rxc4 Rxc4 41. Kf3 Bc5 42. Bxc5 Rxc5 {[%mdl 4096] Endgame KRN-KRN} 43. Nd6 Kf8 44. Ke3 Ke7 45. Rd3 h5 46. g3 f6 47. h4 b5 48. Nb7 (48. Rd1 $11) 48... Rc8 $1 $17 49. Nd6 Rb8 50. Rd1 Na5 $1 {[%cal Ra5c6] Threatens to win with ...Nc6.} 51. Re1 Nc6 52. Kd3 (52. Kd2 $17) 52... fxe5 $19 {[%mdl 64] Remove Defender} 53. fxe5 {[#]} Rf8 {Played: Nc6xe5} 0-1

[Event "Romanian Open 2019"]
[Site "Alba Iulia"]
[Date "2019.11.02"]
[Round "8.12"]
[White "Sahil, Tickoo"]
[Black "Secheres, Adrian-Simion"]
[Result "1/2-1/2"]
[WhiteElo "2167"]
[BlackElo "2397"]
[Annotator "TA"]
[PlyCount "138"]
[EventDate "2019.10.28"]
[EventType "swiss"]
[EventCountry "ROU"]
[SourceTitle "playchess.com"]
[Source "ChessBase"]
[SourceQuality "1"]

{[%evp 9,138,22,41,29,42,0,0,0,0,0,0,0,0,0,0,-7,51,36,52,59,50,34,54,10,29,11,17,16,54,47,52,47,77,63,77,79,91,36,42,0,70,14,46,45,72,51,62,18,86,77,79,90,94,89,160,157,147,146,122,133,161,8,8,8,8,8,39,39,39,39,39,0,0,0,0,0,0,0,0,0,0,0,0,0,0,0,0,0,0,0,0,0,0,0,0,0,0,0,0,0,8,8,8,8,8,8,8,8,8,8,8,0,8,8,8,0,8,0,0,0,0,0,0,0,0,-4,-4,-4,0,0,0]} 1. d4 Nf6 2. Bf4 d6 3. Nc3 Nbd7 4. Nf3 c6 5. e4 Qa5 6. e5 {A45: Trompowsky Attack} Ne4 7. Bd3 $146 ({Predecessor:} 7. e6 fxe6 8. Bd3 e5 9. dxe5 Nxc3 10. bxc3 Nxe5 11. Bxe5 dxe5 {½-½ (36) Kuzubov,Y (2671)-Ivanchuk,V (2684) Konya 2019}) 7... Nxc3 8. Qd2 {[%mdl 64] Pin} dxe5 9. Nxe5 Nxe5 10. Bxe5 f6 11. Bg3 Bf5 12. bxc3 Bxd3 ({Better is} 12... O-O-O $11) 13. Qxd3 $14 e6 14. O-O Kf7 15. Rab1 b6 16. c4 (16. Rfe1 {seems wilder.} h5 17. h4 Rd8 18. Qe2 Re8 19. Qc4) 16... Qf5 {With the idea ...Qxd3.} 17. Qxf5 exf5 18. a4 Rd8 19. c3 $1 Rd7 20. a5 $1 c5 21. d5 Bd6 22. Bxd6 ({Not} 22. axb6 f4 $17) 22... Rxd6 23. axb6 (23. Rfe1 $16) 23... axb6 $16 {[%mdl 4096] Endgame KRR-KRR} 24. f4 Rb8 (24... Ra8 $11) 25. Rfd1 (25. Kf2 $14) 25... Rb7 26. Kf2 h6 27. g3 g5 28. h4 gxf4 (28... g4 $11) 29. gxf4 Rd8 30. h5 $1 Ra8 31. Ra1 $1 {[%cal Ra1a8]} Rba7 (31... Rg8 $142) 32. Rxa7+ Rxa7 {KR-KR} 33. Ke3 Re7+ {[#]} 34. Kd3 $1 Re4 {[#]} 35. Rb1 $2 ({White has to play} 35. Rf1 $1 $18) 35... Rxf4 $11 36. Rxb6 Rf3+ 37. Kd2 {aiming for Rc6.} Rh3 38. Rb7+ Ke8 39. Rc7 Rxh5 40. Rxc5 f4 $1 {The position is equal.} 41. Rc6 Rf5 42. Ke2 {Kf3 is the strong threat.} f3+ $1 43. Kf2 {Hoping for Rd6.} Kd7 44. Re6 h5 45. Re4 Kd6 $1 46. Rd4 {And now c5+! would win.} Rg5 47. Kxf3 Rg1 48. Ke3 Rg3+ 49. Kd2 f5 50. Rh4 Kc5 51. d6 Kxd6 52. Rxh5 Kc5 53. Rxf5+ Kxc4 54. Rf4+ Kc5 55. Kc2 Rg1 56. Rf8 Rh1 57. Rc8+ Kb5 58. Kb2 Rg1 59. Rb8+ Kc4 60. Rc8+ Kb5 61. Kb3 Rb1+ 62. Kc2 Rh1 63. c4+ Kb4 64. c5 Rh5 65. c6 {Threatens to win with c7.} Kb5 66. Kd3 Rc5 67. c7 {White threatens Rb8+ and mate.} Kb6 68. Kd4 Rxc7 69. Rxc7 Kxc7 {Accuracy: White = 53%, Black = 70%.} 1/2-1/2

[Event "Romanian Open 2019"]
[Site "Alba Iulia"]
[Date "2019.11.03"]
[Round "9.1"]
[White "David, Alexandru-Vasile"]
[Black "Fedorov, Alexei"]
[Result "1/2-1/2"]
[WhiteElo "2424"]
[BlackElo "2551"]
[Annotator "TA"]
[PlyCount "31"]
[EventDate "2019.10.28"]
[EventType "swiss"]
[EventCountry "ROU"]
[SourceTitle "playchess.com"]
[Source "ChessBase"]
[SourceQuality "1"]

{[%evp 15,17,13,31,30]} 1. d4 Nf6 2. c4 g6 3. Nc3 Bg7 4. e4 d6 5. Nf3 O-O 6. Be2 e5 7. O-O Nc6 8. dxe5 Nxe5 9. Bf4 {E97: King's Indian: Classical Main Line (6...e5 7 0-0 Nc6): 8 Be3 and 8 d5 Ne7, not 9 Ne1} {Predecessor:} Nc6 $146 10. Qc2 Re8 11. Rfe1 Bd7 12. Rad1 Qc8 13. h3 Nb4 14. Qb1 a5 15. Bf1 a4 16. Nd4 {½-½ (16) Doettling,F (2588)-Sasikiran,K (2642) Montpellier 2015} 1/2-1/2

[Event "Romanian Open 2019"]
[Site "Alba Iulia"]
[Date "2019.11.03"]
[Round "9.2"]
[White "Gomes, Mary Ann"]
[Black "Harutjunyan, Gevorg"]
[Result "1/2-1/2"]
[WhiteElo "2268"]
[BlackElo "2428"]
[Annotator "TA"]
[PlyCount "120"]
[EventDate "2019.10.28"]
[EventType "swiss"]
[EventCountry "ROU"]
[SourceTitle "playchess.com"]
[Source "ChessBase"]
[SourceQuality "1"]

{[%evp 9,120,-12,-11,-8,-8,-8,-8,-20,-20,-19,-15,-22,-20,-29,-28,-32,-17,-28,-23,-20,-19,-33,-24,-72,-82,-75,-72,-118,-101,-108,-108,-115,-72,-72,-46,-37,-41,-72,-13,-15,-16,-16,-26,-35,-21,-33,-29,-38,-17,-13,-22,-20,-9,-12,-6,-28,-22,-25,-4,-25,-24,-17,-17,-32,-32,-37,-21,-26,-29,-31,0,-7,-8,-7,0,0,0,0,0,0,0,0,0,0,0,0,0,0,0,0,0,0,0,0,0,0,0,0,0,0,0,0,0,0,0,0,0,0,0,0,0,0,0]} 1. Nf3 d5 2. g3 Nc6 {[%cal Bb8c6,Bc6e5,Be5f3][%mdl 32]} 3. c4 (3. d4 Bf5 4. Bg2 e6 5. O-O Nb4 6. Na3 c6 7. c3 Na6 8. Qb3 Qc8 9. Nh4 Be4 10. f3 Bg6 11. Nxg6 hxg6 12. e4 Nf6 13. e5 Nd7 14. f4 {1-0 (51) Grischuk,A (2766)-Duda,J (2737) chess.com INT 2018}) 3... dxc4 4. Bg2 Bg4 5. Qa4 Qd7 6. Qxc4 {A07: Réti Opening: New York and Capablanca Systems} Bxf3 7. Bxf3 Ne5 8. Qc3 Nxf3+ 9. Qxf3 c6 $146 ({Predecessor:} 9... O-O-O 10. Nc3 Nf6 11. d3 e5 {½-½ (41) Radovanovic,J (2349)-Allicock,R (2301) Coulsdon 2008}) 10. Nc3 {[%cal Bb1c3,Bc3a4,Ba4b2,Bb2d3,Bd3c5][%mdl 32]} g6 11. b3 Bg7 12. Bb2 h5 13. Na4 Bxb2 14. Nxb2 Nf6 15. Nd3 h4 16. Nc5 {[#]} Qd4 $1 {[%cal Rd4a1][%mdl 512]} 17. Rc1 hxg3 18. Qxg3 O-O-O 19. Nd3 Rd5 20. f3 g5 (20... Rdh5 {looks sharper.} 21. Kd1 Qd6 22. Qg1 Kb8 23. h4 Rxh4 24. Rxh4 Rxh4 25. Rc4 Rh5) 21. Qf2 Rh4 22. Qxd4 Rdxd4 23. Nf2 g4 (23... Kc7 $17) 24. fxg4 $11 Nxg4 25. Nxg4 Rdxg4 {[%mdl 4096] Endgame KRR-KRR} 26. Rc3 f5 27. Rf3 e6 28. Kf2 a5 29. h3 Rd4 30. Ke1 Rh7 31. Rg1 Rdh4 32. Rgg3 Kd7 33. Rd3+ Ke7 34. Rc3 a4 35. bxa4 Rxa4 36. a3 Rah4 37. Kf2 Kf6 38. Kg2 Rd7 39. Rgd3 Rd5 (39... Rg7+ {feels hotter.} 40. Kf2 Rh8 41. Rb3 f4 42. Rf3 e5) 40. Rb3 {The position is equal.} Rxd3 41. Rxd3 {KR-KR} Ra4 42. Rb3 b5 43. Rc3 Ra6 44. h4 e5 45. Kg3 Ke6 46. h5 Kf6 47. e4 Kg5 48. exf5 Kxh5 49. Kf3 {And now Ke4 would win.} Kg5 50. Ke4 Kf6 51. d4 exd4 52. Kxd4 Kxf5 53. Kc5 Ra4 54. Rf3+ Ke4 55. Rc3 Kf4 56. Rc1 Ke3 57. Re1+ Kd2 58. Re6 Rxa3 {[#] aiming for ...Rc3+.} 59. Rxc6 Rb3 60. Rb6 Kc3 {Accuracy: White = 64%, Black = 54%.} 1/2-1/2

[Event "Romanian Open 2019"]
[Site "Alba Iulia"]
[Date "2019.11.03"]
[Round "9.3"]
[White "Omelja, Artem"]
[Black "Ciorgovean, Iustin"]
[Result "1-0"]
[WhiteElo "2424"]
[BlackElo "2331"]
[Annotator "TA"]
[PlyCount "125"]
[EventDate "2019.10.28"]
[EventType "swiss"]
[EventCountry "ROU"]
[SourceTitle "playchess.com"]
[Source "ChessBase"]
[SourceQuality "1"]

{[%evp 9,124,22,18,36,19,26,48,0,0,-15,-8,0,42,-31,-16,-55,-33,-46,-50,-51,-53,-46,-38,-37,3,0,0,0,39,58,33,-24,-8,-21,47,0,0,0,0,0,0,-66,43,0,0,-21,122,122,130,132,120,119,127,112,158,160,179,180,181,148,148,0,171,35,194,219,195,189,189,197,293,219,208,192,183,175,178,187,176,179,208,196,199,194,216,183,189,200,198,193,194,195,191,185,399,391,374,360,562,558,556,520,1216,1146,1183,835,816,612,575,574,2386,2331,1825,1742,29974,29976,29999]} 1. Nf3 d5 2. e3 c5 3. b3 Nf6 4. Bb2 g6 5. c4 Bg7 6. cxd5 {A06: Réti Opening:1 Nf3 d5} Qxd5 7. Nc3 Qf5 (7... Qh5 8. Be2 O-O 9. O-O Nc6 10. Na4 Qd5 11. Rc1 b6 12. d4 cxd4 13. Nxd4 Nxd4 14. Qxd4 Bb7 15. Qxd5 {½-½ (15) Roiz,M (2652)-Najer,E (2665) Dagomys 2010}) 8. h3 $146 {White is slightly better.} (8. e4 $5 Nxe4 9. Bd3 $16) ({Predecessor:} 8. d4 O-O 9. Bd3 Qh5 10. Ne4 Nxe4 11. Bxe4 Nc6 12. O-O cxd4 13. Nxd4 Qh4 14. Bxc6 bxc6 {1-0 (39) Tran,M (2342)-Stupak,K (2557) Mumbai 2019}) 8... O-O 9. g4 Qd7 10. Ne5 Qd8 11. h4 (11. Bg2 $14) 11... Nfd7 12. Nc4 Nc6 13. f4 Rb8 {Hoping for ...b5.} 14. a4 Nf6 15. Be2 b6 16. g5 Nd5 17. Nxd5 $1 Qxd5 18. Bf3 Qd7 {Threatening ...Bxb2.} 19. Bxg7 Kxg7 20. Qc2 (20. h5 $14) 20... Bb7 $11 21. Qc3+ Kg8 (21... f6 $1 $11) 22. h5 Nb4 $1 23. Bxb7 Qxb7 24. Kf2 Rbd8 25. Kg3 (25. Ne5 $11) 25... Qe4 (25... Rd3 $15 26. Qc1 Qd5) 26. hxg6 $40 {[%mdl 128] White mounts an attack.} fxg6 {Strongly threatening ...Rxf4!} 27. Ne5 Nd5 (27... Nd3 $11 {keeps the balance.} 28. Nxd3 Rxd3 29. Qc4+ Qxc4 30. bxc4 Rxd2) 28. Qc4 $16 Qxc4 29. bxc4 ({Much weaker is} 29. Nxc4 $6 Nb4 $11) 29... Nb4 30. Rh2 {Threatens to win with Rah1.} Nd3 {[#] intending ...Nxe5.} 31. Ng4 $1 Kg7 {[#]} 32. a5 $1 Rd7 33. axb6 axb6 34. Rb1 Rd6 35. Ra1 Rd7 $1 36. Kf3 (36. Rah1 $18 h5 37. gxh6+ Kh7 38. Rb1) 36... Rfd8 $2 ({Black should try} 36... e5 $1 $14) 37. Rah1 $18 Rh8 38. Rb1 Rb8 39. Ke4 Ra8 (39... b5 {might work better.} 40. Rxb5 (40. cxb5 c4 $18) 40... Rxb5 41. cxb5 Rd6) 40. Rbh1 Rh8 41. Ra1 Rhd8 42. Ra6 Rb7 43. Ra3 Rbd7 44. Rb3 Rd6 45. Rh1 Re6+ 46. Kf3 Red6 47. Rhb1 Nb4 {[#]} 48. d4 $1 {[%mdl 512]} Ra8 (48... cxd4 49. Rxb4) 49. Ke4 Ra2 50. Ne5 Rd8 51. d5 Ra4 $2 (51... Rd6 {was worth a try.} 52. Kf3 e6) 52. Nc6 Nxc6 53. dxc6 Rxc4+ {[%mdl 4096] Endgame KRR-KRR} (53... Raa8 $142 54. Rxb6 Rac8) 54. Ke5 Rc8 55. Rxb6 Kf7 (55... Ra4 $142 56. Rb7 Kf7) 56. Rh1 Kg8 57. Rb7 Rc3 58. c7 {aiming for Rb8!} Rxe3+ 59. Kd5 {Black must now prevent Rb8!} Kf7 60. Rb8 Rd3+ 61. Ke4 Rd4+ {[#]} 62. Ke5 $1 {[%mdl 512]} Rxc7 63. Rxh7# {Accuracy: White = 59%, Black = 46%.} 1-0

[Event "Romanian Open 2019"]
[Site "Alba Iulia"]
[Date "2019.11.03"]
[Round "9.4"]
[White "Manolache, Marius"]
[Black "Andreev, Eduard"]
[Result "0-1"]
[WhiteElo "2548"]
[BlackElo "2435"]
[Annotator "TA"]
[PlyCount "88"]
[EventDate "2019.10.28"]
[EventType "swiss"]
[EventCountry "ROU"]
[SourceTitle "playchess.com"]
[Source "ChessBase"]
[SourceQuality "1"]

{[%evp 11,87,17,27,12,6,12,11,7,11,9,12,10,7,-23,0,-39,36,41,36,28,43,26,45,40,52,30,75,46,84,84,77,69,82,81,132,16,28,54,47,17,164,159,227,228,166,43,276,89,104,0,0,0,0,-34,-26,-48,-31,-266,-143,-325,-327,-617,-608,-960,-951,-1157,-1145,-2776,-2046,-29987,-29979,-29993,-29993,-29996,-29995,-29998,-29999,-29999]} 1. d4 Nf6 2. Bg5 e6 3. Nd2 c5 4. e3 cxd4 5. exd4 Be7 6. Ngf3 b6 7. Nc4 {A46: 1 d4 Nf6 2 Nf3 e6: Torre, London and Colle Systems} (7. Bd3 Bb7 8. O-O d6 9. Re1 O-O 10. c3 Nbd7 11. a4 a6 12. Bf1 Re8 13. Bh4 Nf8 14. Nc4 Ng6 15. Bg3 Nh5 16. Nfd2 Nxg3 17. hxg3 Rb8 18. Ne3 Bg5 19. Bd3 Bxe3 20. Rxe3 {½-½ (45) Vitiugov,N (2742)-Vachier Lagrave,M (2762) Dubai 2014}) 7... O-O 8. Bd3 Ba6 9. O-O $146 {The position is equal.} ({Predecessor:} 9. Ne3 Bxd3 10. Qxd3 d6 11. O-O Nbd7 12. Rfe1 Re8 13. c3 Qc7 14. a4 h6 {1-0 (45) Timerkhanov,A (2302)-Palchun,G (2351) St Petersburg 2016}) 9... d6 10. Re1 Qc7 11. Ne3 Bxd3 12. cxd3 (12. Qxd3 {with more complications.} d5 13. Bxf6 Bxf6 14. Rac1 Nd7 15. c3) 12... Qd7 13. d5 Na6 (13... Nxd5 $15 14. Nxd5 Bxg5) 14. d4 Nc7 15. dxe6 fxe6 16. Rc1 Rae8 17. Bxf6 Bxf6 18. Qb3 h5 19. a4 Rc8 20. Rc3 Na6 21. Rxc8 Rxc8 22. h4 d5 ({Better is} 22... Nc7) 23. g4 (23. g3 $1 $16) 23... hxg4 $11 24. Nxg4 Qf7 25. Qe3 Re8 (25... Nb4 $1 $11 {and Black has nothing to worry.}) 26. Kh1 $18 Nb4 (26... Nb8 $16) 27. Rg1 $1 {Threatens to win with Nh6+.} Kh7 28. Rg3 (28. Nfe5 $1 $18 {[%cal Re5f7]} Bxe5 29. Nxe5) 28... Rf8 $2 (28... Nc6 $1 $14) 29. Kg2 $2 (29. Nge5 $18 Qh5 30. Nd7) 29... Bd8 $16 30. Nfe5 (30. Nge5 $16 Qf5 31. Qc3) 30... Qf4 $11 31. Qc3 Qe4+ 32. Kg1 Nc2 {[%cal Bb4c2,Bc2d4,Bd4f5][%mdl 32]} 33. Nf3 $1 Rf4 $36 {[%mdl 2048] Black has some pressure.} 34. Nd2 $2 {[#]} (34. Nge5 $1 $15) 34... Qe1+ ({Not} 34... Nxd4 35. Nxe4 Ne2+ 36. Kf1 $16) ({Black should try} 34... Qf5 $1 $19 35. Ne3 Nxe3 36. Rxe3 Bxh4) 35. Kg2 $2 (35. Kh2 $17 Nxd4 36. Qe3) 35... Nxd4 $19 36. Qd3+ $2 {[#]} (36. Qe3 Ne2 {[%mdl 64] Discovered Attack} 37. Nf3) 36... Nf5 $1 {[%mdl 64] Discovered Attack} 37. Nf1 Bxh4 38. Re3 Rxg4+ 39. Kh3 Qb4 {[%mdl 64] Double Attack} 40. Rxe6 Qf4 {Black mates.} 41. Qxd5 Bxf2 42. Qd3 Bc5 43. b4 Rh4+ 44. Kg2 Qf2# {Accuracy: White = 32%, Black = 43%.} 0-1

[Event "Romanian Open 2019"]
[Site "Alba Iulia"]
[Date "2019.11.03"]
[Round "9.5"]
[White "Bhambure, Shantanu"]
[Black "Akash G"]
[Result "1-0"]
[WhiteElo "2291"]
[BlackElo "2449"]
[Annotator "TA"]
[PlyCount "107"]
[EventDate "2019.10.28"]
[EventType "swiss"]
[EventCountry "ROU"]
[SourceTitle "playchess.com"]
[Source "ChessBase"]
[SourceQuality "1"]

{[%evp 11,107,33,46,32,33,18,18,16,22,0,22,24,22,20,22,16,20,20,17,1,17,17,50,0,29,29,34,49,49,34,20,30,30,15,25,37,52,41,58,60,225,214,241,253,251,229,355,349,346,283,360,367,365,354,380,362,354,332,297,290,290,290,290,251,255,158,253,186,186,186,186,186,242,244,240,240,240,240,251,223,281,268,355,257,233,224,362,291,300,266,398,0,323,310,363,349,29988,259]} 1. d4 Nf6 2. c4 c5 3. d5 b5 4. Nd2 bxc4 5. e4 c3 6. bxc3 g6 7. c4 {A57: Benko/Volga Gambit} (7. Ngf3 Bg7 8. Bd3 O-O 9. O-O d6 10. Rb1 Nbd7 11. Re1 Nb6 12. c4 e5 13. dxe6 Bxe6 14. Bb2 Nfd7 15. Bxg7 Kxg7 {1-0 (39) Akopian,V (2712)-Tregubov,P (2652) Mainz 2009}) 7... d6 8. Bb2 Bg7 9. Bd3 {The position is equal.} O-O 10. Ne2 Nbd7 $146 ({Predecessor:} 10... e5 11. Nc3 Nbd7 12. O-O Nh5 13. g3 Nb6 14. Be2 Nf6 {0-1 (53) Goh,K (2428)-Novak,K (2180) Nova Gorica 2006}) 11. O-O Ne5 12. Bxe5 dxe5 13. Qa4 Bd7 14. Qa3 Qc7 15. Nc3 Rfc8 16. Rab1 Bh6 17. Nb3 e6 18. Na5 Bf8 19. Rb7 Qd8 20. Rfb1 (20. Rb3 {seems wilder.} Rcb8 21. Nb7 Qc8 22. Rfb1 Ne8 23. h4) 20... exd5 21. Nxd5 Nxd5 22. exd5 f5 23. Bc2 $36 {[%mdl 2048] White fights for an advantage.} Bd6 24. Nc6 Bxc6 25. dxc6 Rxc6 $2 {[#]} ({Better is} 25... e4 $14) 26. Bxf5 $1 $18 {[%mdl 512]} Rc7 {[#]} (26... gxf5 27. Qg3+) 27. Be4 $1 {[%cal Re4d5]} Rxb7 28. Rxb7 (28. Bxb7 $6 Rb8 $16) 28... Rb8 (28... Qg5 {was necessary.} 29. g3 Rf8) 29. Qxa7 {White wants to mate with Rg7+.} ({Much less strong is} 29. Rxa7 Qf6 $18) 29... Rxb7 30. Qxb7 ({Less strong is} 30. Bxb7 Qb8 $16) 30... Bc7 {[%cal Rd8d1]} 31. g3 Kg7 32. Kg2 Kh6 33. Bd5 Ba5 34. Qa7 Qc7 35. Qa6 Qb6 36. Qc8 {White threatens Qf8+ and mate.} Qd8 37. Qxc5 ({But not} 37. Qh3+ $6 Kg7 $18) 37... Bb6 38. Qc6 {And now Qe6 would win.} Bd4 (38... e4 $16 39. Bxe4 Qd4) 39. Qa4 Qf8 40. Qc2 Qa3 41. Qb3 Qa7 (41... Qxb3 $142 42. axb3 Kg5) 42. Qf3 {Black must now prevent Qf8+.} Bc5 43. Qe2 Bd4 44. h4 Kg7 45. Qd2 h6 46. Qc2 Qb6 47. Be4 g5 48. h5 Kf8 (48... Qb2 {might work better.} 49. Qxb2 Bxb2) 49. Qe2 Ke7 50. Qf3 Qa5 (50... Qe6 $142 51. Qa3+ Qd6) 51. Qe2 $2 (51. Qf5 $18 Qb6 52. Qh7+ Ke8 53. Qg8+ Ke7 54. Qg7+ Kd8 55. Qf8+ Kc7 56. Qe7+ Kc8 57. a4) 51... Kd6 $2 {[%mdl 8192]} (51... Qb6 $1 $11 52. a4 Qb8) 52. Bd5 Kc5 53. Qf3 {Intending Qf8+ and mate.} Qe1 $2 (53... Qb6 $18 54. Qa3+ Qb4) 54. Qf8+ {Accuracy: White = 56%, Black = 43%.} 1-0

[Event "Romanian Open 2019"]
[Site "Alba Iulia"]
[Date "2019.11.03"]
[Round "9.6"]
[White "Istratescu, Andrei"]
[Black "Filip, Lucian-Ioan"]
[Result "1/2-1/2"]
[WhiteElo "2564"]
[BlackElo "2418"]
[Annotator "TA"]
[PlyCount "100"]
[EventDate "2019.10.28"]
[EventType "swiss"]
[EventCountry "ROU"]
[SourceTitle "playchess.com"]
[Source "ChessBase"]
[SourceQuality "1"]

{[%evp 11,100,27,47,19,45,31,33,23,21,9,16,24,23,18,12,19,24,1,5,6,6,6,11,4,16,-1,13,0,4,0,0,0,46,25,34,5,27,0,0,0,0,0,0,0,0,0,0,0,0,0,0,0,0,0,0,0,0,0,0,0,0,0,0,0,0,0,0,0,0,0,8,0,0,0,0,0,8,0,0,0,0,-8,-8,-8,-8,-8,-8,-8,-8,-8,8]} 1. e4 c5 2. Nf3 e6 3. d4 cxd4 4. Nxd4 Nc6 5. Nc3 Qc7 6. Be3 a6 7. Qf3 {B48: Sicilian: Taimanov: 5 Nc3 Qc7 6 Be3 a6 without Be2} Bd6 (7... Ne5 8. Qg3 h5 9. Bg5 f6 10. Bf4 Ne7 11. O-O-O Kf7 12. Bxe5 Qxe5 13. f4 h4 14. Qe3 Qc7 {1-0 (35) Ding,L (2811)-Shankland,S (2705) chess.com INT 2019}) 8. O-O-O {Strongly threatening Ncb5!} Be5 $1 9. Nxc6 {White is slightly better.} bxc6 10. Bd4 Nf6 11. Bxe5 Qxe5 12. Qg3 Qxg3 13. hxg3 d5 14. Bd3 h6 15. Rhe1 $146 Rb8 16. Na4 Nd7 17. Bf1 Rb4 18. Nc3 Kd8 19. a3 Rb8 20. Na4 Kc7 21. c4 {[%cal Re4d5]} Nf6 22. Nc3 {[%cal Rc4d5]} Bb7 23. f3 Ra8 24. cxd5 cxd5 {The position is equal.} 25. exd5 Nxd5 26. Re4 Nxc3 27. Rc4+ {[%mdl 64] [#] Double Attack} Kb6 28. Rd6+ Ka7 {aiming for ...Nd5.} 29. Rxc3 {Rd7 is the strong threat.} Rhd8 30. Rxd8 (30. Rdd3 {feels hotter.} Rac8 31. Rxc8 Rxc8+ 32. Kd2 Bc6 33. Rd6) 30... Rxd8 $11 {[%mdl 4096] Endgame KRB-KRB} 31. Rc7 Rc8 32. Rxc8 Bxc8 {KB-KB} 33. b4 Kb6 34. Kd2 a5 35. Kc3 e5 36. Bc4 f6 37. g4 e4 38. fxe4 Bxg4 39. Kd4 axb4 40. axb4 h5 41. Kd5 h4 42. Bf1 Bc8 43. Kd6 Bb7 44. Bd3 g5 {White must now prevent ...g4.} 45. Ke6 g4 46. Be2 ({Don't blunder} 46. Kxf6 $2 g3 $19) 46... Bxe4 {And now ...h3 would win.} 47. Bxg4 Bxg2 48. Kxf6 Kb5 49. Kg5 h3 {[#]} 50. Bxh3 $1 {[%mdl 512]} Kxb4 {Accuracy: White = 60%, Black = 73%.} (50... Bxh3 51. Kh6) 1/2-1/2

[Event "Romanian Open 2019"]
[Site "Alba Iulia"]
[Date "2019.11.03"]
[Round "9.7"]
[White "Vedmediuc, Serghei"]
[Black "Banzea, Alexandru-Bogdan"]
[Result "1/2-1/2"]
[WhiteElo "2457"]
[BlackElo "2389"]
[Annotator "TA"]
[PlyCount "52"]
[EventDate "2019.10.28"]
[EventType "swiss"]
[EventCountry "ROU"]
[SourceTitle "playchess.com"]
[Source "ChessBase"]
[SourceQuality "1"]

{[%evp 12,52,20,12,39,19,37,4,18,5,29,-25,-14,-49,-2,-26,0,9,29,0,-15,-14,-17,-89,-90,-71,-15,-16,-21,-25,0,-52,-54,-54,-51,-39,0,0,0,-45,0,0,0]} 1. e4 c5 2. Nf3 d6 3. d4 cxd4 4. Nxd4 Nf6 5. Nc3 a6 6. h3 e6 7. g4 Nfd7 {B81: Sicilian Scheveningen: Keres Attack} (7... h6 8. Bg2 g5 9. Be3 Nbd7 10. Qe2 Ne5 11. O-O-O Nfd7 12. h4 Rg8 13. hxg5 hxg5 14. Kb1 b5 15. f4 gxf4 16. Bxf4 Bb7 {½-½ (56) Karjakin,S (2773)-Mamedyarov,S (2801) Saint Louis 2018}) 8. Bg2 Be7 9. O-O O-O 10. f4 Nc6 11. Nb3 (11. Nce2 $142) 11... b5 $11 12. g5 Bb7 $146 ({Predecessor:} 12... b4 13. Ne2 a5 14. Nbd4 Nxd4 15. Nxd4 Ba6 16. Rf2 {0-1 (31) Abrahamyan,T (2343)-Molner,M (2447) Los Angeles 2011}) 13. h4 Rc8 14. a3 a5 15. Be3 (15. a4 $5 {[%cal Ra4b5]} b4 16. Nb5 $11) 15... Nb6 16. Qe2 Nc4 17. Nxb5 (17. Bf2 $11) 17... Nxe3 $17 18. Qxe3 Ba6 (18... a4 $17 19. N3d4 Qb6) 19. a4 $11 Nb4 20. Qa7 Rxc2 21. N3d4 (21. Rac1 $11 Rxc1 22. Rxc1) 21... Rc8 $1 $15 {[%cal Rc8a8] ...Ra8 is the strong threat.} 22. Rfc1 Ra8 $1 {[%cal Ra8a7]} 23. Qc7 Rc8 (23... Bxb5 $5 24. axb5 Nd3 $11) 24. Qa7 Ra8 25. Qc7 Rc8 (25... Bxb5 $5 26. axb5 Nd3 $11) 26. Qa7 Ra8 {Accuracy: White = 29%, Black = 30%.} 1/2-1/2